000 00864nam a2200265Ia 4500
003 OSt
005 20220918170757.0
006 a|||||r|||| 00| 0
007 ta
008 220917b |||||||| |||| 00| 0 eng d
020 _a9780521139670 (HBK)
_c1483.49
024 _a260,431
037 _b389, 23/01/2012, Independent Publishers Group
_cTextual
040 _aARTS
_cARTS
_beng
041 _2eng
_aeng
082 _aW:2, Q0
100 _aPrakash Aseem Ed.
_931136
245 0 _aAdvocacy organizations and collective action
260 _aCambridge
_bCambridge University Press UK
_c2010
300 _axvi,318p.
_ccm.
650 _aPOLITICAL SCIENCE
700 _a Gugerty Mary Kay Ed.
_931137
942 _hW:2, Q0
_cTEXL
_2CC
999 _c135717
_d135717